Paušál na dopravné jako prostředek daňové optimalizace

Optimalizácia daňovej povinnosti prostredníctvom uplatnenia paušálnych výdavkov na dopravu. Paušálne výdavky na dopravu a DPH, krátenie paušálu a ostatných výdavkov, daňová úľava. Podmienky použitia paušálnych výdavkov na dopravu.

Guardado en:
Detalles Bibliográficos
Autor principal: Drbohlav, Josef
Formato: Capítulo de libro
Lenguaje:checo
Materias:
Etiquetas: Agregar Etiqueta
Sin Etiquetas, Sea el primero en etiquetar este registro!

MARC

LEADER 00000naa a2200000 4500
001 0157833
005 20230925094017.9
041 0 |a cze 
044 |a CZ 
245 1 0 |a Paušál na dopravné jako prostředek daňové optimalizace  |c Josef Drbohlav 
520 |a Optimalizácia daňovej povinnosti prostredníctvom uplatnenia paušálnych výdavkov na dopravu. Paušálne výdavky na dopravu a DPH, krátenie paušálu a ostatných výdavkov, daňová úľava. Podmienky použitia paušálnych výdavkov na dopravu. 
610 2 0 |a povinnosť daňová 
610 2 0 |a úľavy daňové 
610 2 0 |a optimalizácia daňová 
100 1 |a Drbohlav, Josef